Представление документа в формате RUSMARC

ПолеНазваниеЗначение
  Тип записи a
  Библиографический уровень m
001 Контрольный номер RU/SLIB/B/208754743
005 Дата корректировки 20201206204147.9
010 Индекс ISBN __
d Цена 2600-00
101 Язык документа __
a Язык текста rus
200 Заглавие и сведения об ответственности __
a Заглавие Там, где рождается танец
f Первые сведения об ответственности [А. А. Авдеенко и др.; сост. А. А. Авдеенко ; под общ. ред. С. Н. Головкиной ; предисл. Ю. Н. Григорровича]
b Общее обозначение материала Текст
210 Выходные данные __
a Место издания М.
c Издательство Моск. рабочий
d Дата издания 1977
215 Физическое описание __
a Объем 128 с.
c Иллюстрации/тип воспроизводства ил.
300 Общие примечания __
a Общие примечания Фамилии сост., ред., авт. кн. указ. на обороте тит. л.
606 Тематические рубрики __
a Основная рубрика Музыка и зрелищные искусства
606 Тематические рубрики __
a Основная рубрика Хореография в целом
610 Ключевые слова __
a Ключевые слова танцы; танцевальная музыка; танцевальное творчество; танцевальное искусство; танцевальные выступления; танцевальные движения; танцевальные композиции; танцевальные костюмы
686 Индексы других классификаций __
a Классификационный индекс 85.32
702 Вторичная интеллектуальная ответственность __
a Фамилия Авдеенко
b Имя А. А.
4 Код отношения Автор
702 Вторичная интеллектуальная ответственность _1
a Фамилия Богуславская
b Имя А. Г.
4 Код отношения Автор
702 Вторичная интеллектуальная ответственность _1
a Фамилия Головкина
b Имя С. Н.
4 Код отношения Автор
702 Вторичная интеллектуальная ответственность _1
a Фамилия Григоррович
b Имя Ю. Н.
4 Код отношения Автор предисловия и т.д.
801 Источник записи _0
a Страна RU
b Организация Муниципальное бюджетное учреждение культуры "Централизованная библиотечная система" г. Сургут (Центральная городская библиотека им. А. С. Пушкина)
g Правила каталогизации КиК/Уланова
801 Источник записи _1
a Страна RU
b Организация Муниципальное бюджетное учреждение культуры "Централизованная библиотечная система" г. Сургут (Центральная городская библиотека им. А. С. Пушкина)
g Правила каталогизации КиК/Уланова
852 Данные о местонахождении __
j Шифр хранения 85.32
c Каталожный индекс 85.32
i Авторский знак Т 17
p Инвентарный номер 54413
901 Тип документа __
t Тип документа m
990 Данные о заказе (DOS) __
j Количество экземпляров (DOS) 1